Working with involuntary clients : (Record no. 913)

MARC details
000 -LEADER
fixed length control field 00889cam a2200289 a 4500
005 - DATE AND TIME OF LATEST TRANSACTION
control field 20260322212039.0
008 - FIXED-LENGTH DATA ELEMENTS--GENERAL INFORMATION
fixed length control field data
010 ## - LIBRARY OF CONGRESS CONTROL NUMBER
LC control number 99201983
015 ## - NATIONAL BIBLIOGRAPHY NUMBER
National bibliography number GB99-31065
020 ## - INTERNATIONAL STANDARD BOOK NUMBER
International Standard Book Number 0761963324
020 ## - INTERNATIONAL STANDARD BOOK NUMBER
International Standard Book Number 0761963332 (pbk.)
020 ## - INTERNATIONAL STANDARD BOOK NUMBER
International Standard Book Number 9780761963325
020 ## - INTERNATIONAL STANDARD BOOK NUMBER
International Standard Book Number 9780761963332 (pbk.)
040 ## - CATALOGING SOURCE
Original cataloging agency Uk
Transcribing agency DLC
Modifying agency DGU
-- IXA
-- DGU
042 ## - AUTHENTICATION CODE
Authentication code lccopycat
050 00 - LIBRARY OF CONGRESS CALL NUMBER
Classification number HV41
Item number .T743 1999
096 ## - LOCALLY ASSIGNED NLM-TYPE CALL NUMBER (OCLC)
Classification number W 85 T743 1999
001 - CONTROL NUMBER
control field data
100 1# - MAIN ENTRY--PERSONAL NAME
Personal name Trotter, Chris.
245 10 - TITLE STATEMENT
Title Working with involuntary clients :
Remainder of title a guide to practice /
Statement of responsibility, etc. Chris Trotter.
260 ## - PUBLICATION, DISTRIBUTION, ETC.
Place of publication, distribution, etc. Thousand Oaks, Calif. :
-- Thousand Oaks, Calif. :
Name of publisher, distributor, etc. Sage,
Date of publication, distribution, etc. 1999.
300 ## - PHYSICAL DESCRIPTION
Extent viii, 165 p. ;
Dimensions 23 cm.
504 ## - BIBLIOGRAPHY, ETC. NOTE
Bibliography, etc. note Includes bibliographical references (p. 154-162) and index.
590 ## - LOCAL NOTE (RLIN)
Local note Includes bibliographical references (p. 154-162) and index.
650 #0 - SUBJECT ADDED ENTRY--TOPICAL TERM
Topical term or geographic name entry element Social service.
650 #0 - SUBJECT ADDED ENTRY--TOPICAL TERM
Topical term or geographic name entry element Involuntary treatment.
Holdings
Withdrawn status Lost status Damaged status Not for loan Home library Current library Shelving location Date acquired Total checkouts Full call number Barcode Date last seen Price effective from Koha item type
        Midway Midway General stacks 22/03/2026   HV41 .T743 1999 BC0010941 22/03/2026 22/03/2026 Books